| 000 | 00912nam a22002657a 4500 | ||
|---|---|---|---|
| 001 | 6133 | ||
| 003 | FISKH | ||
| 005 | 20250318103105.0 | ||
| 008 | 250318b cb ||||| |||| 00| 0 eng d | ||
| 020 | _a9780545289979 | ||
| 040 |
_aFISKH _beng _cFISKH _dFISKH |
||
| 050 | _aPZ7.M53328 | ||
| 082 | _a813.6 | ||
| 100 | _aMercer, Sienna | ||
| 245 |
_aTake two / _cBy Sienna Mercer |
||
| 250 | _aFirst Scholastic printing , January 2011 | ||
| 260 |
_aNew York : _bScholastic ; _c2011 . |
||
| 300 |
_a196 pages : _billustrations ; _c19 cm . |
||
| 490 |
_aMy sister the vampire _vBook 5 |
||
| 520 | _aEighth-grade twins Olivia and Ivy and their friends try to prevent a nosy television reporter, Serena Star, from uncovering the secret community of vampires in Franklin Grove. | ||
| 650 |
_aMy sister the vampire _vFiction |
||
| 700 |
_aTippie, Joel _eTypographer |
||
| 942 |
_2ddc _cBK _n0 |
||
| 999 |
_c6133 _d6133 |
||